|
|
|
|
| LEADER |
01412nam a22003017a 4500 |
| 001 |
40501 |
| 003 |
BD-DhAAL |
| 008 |
230302t1994 bg ||||| |||| 00| 0aben d |
| 020 |
|
|
|a 9840730096
|
| 040 |
|
|
|a BD-DhAAL
|c BD-DhAAL
|
| 041 |
|
|
|a ben
|
| 082 |
|
|
|a 954.14035092
|2 23
|
| 100 |
|
|
|a আসগর, সৈকত
|9 53764
|
| 245 |
|
|
|a গুরুসদয় দত্ত :
|n ১৮৮২-১৯৪১ /
|c সৈকত আসগর.
|
| 246 |
|
|
|a Gurusaday Datta
|
| 260 |
|
|
|a ঢাকা :
|b বাংলা একাডেমী,
|c ১৯৯৪.
|
| 300 |
|
|
|a ২০১ পৃষ্ঠা ;
|c ২২ সে.মি.
|
| 490 |
|
|
|a জীবনী গ্রন্থমালা
|
| 504 |
|
|
|a গ্রন্থপঞ্জিগত নির্দেশিকা ও নির্ঘণ্ট অন্তর্ভুক্ত।
|
| 541 |
|
|
|a Donated By Akbar Ali Khan
|e 40501
|
| 600 |
|
|
|a Datta, Gurusadaẏa,
|d 1882-1941.
|9 53765
|
| 650 |
|
|
|a Nationalists
|z India
|z Bengal
|x Biography.
|9 47499
|
| 650 |
|
|
|a Folklorists
|z India
|z Bengal
|x Biography.
|9 53766
|
| 830 |
|
|
|a জীবনী গ্রন্থমালা
|9 52009
|
| 852 |
|
|
|a Ayesha Abed Library
|c Akbar Ali Khan Collection
|
| 942 |
|
|
|2 ddc
|c BK
|
| 999 |
|
|
|c 45548
|d 45548
|
| 952 |
|
|
|0 0
|1 0
|2 ddc
|4 0
|6 954_140350920000000_ASG
|7 1
|9 73320
|a BRACUL
|b BRACUL
|c AAKC
|d 2023-03-02
|e Donated By Akbar Ali Khan
|g 30.00
|l 0
|o 954.14035092 ASG
|p 3010040501
|r 2023-03-02
|t 1
|w 2023-03-02
|y BK
|